书目信息 |
| 题名: |
思想政治工作基础知识
|
|
| 作者: | ;中共盐城市委宣传部 编著 | |
| 分册: | ||
| 出版信息: | 北京 农村读物出版社 1984 |
|
| 页数: | 87页 | |
| 开本: | 19cm | |
| 丛书名: | ||
| 单 册: | ||
| 中图分类: | B026 | |
| 科图分类: | ||
| 主题词: | 辩证唯物主义--思想方法 , 辩证唯物主义--工作方法 | |
| 电子资源: | ||
| ISBN: | ||
| 000 | 00727nam0 2200241 45 | |
| 001 | 0184010559 | |
| 005 | 20060428092341.54 | |
| 010 | @dCNY0.30 | |
| 091 | @a3267.9 | |
| 100 | @a19950622d1984 em y0chiy0121 ea | |
| 101 | 0 | @achi |
| 102 | @aCN@b110000 | |
| 105 | @ay z 000yy | |
| 200 | 10 | @a思想政治工作基础知识@Asi xiang zheng zhi gong zuo ji chu zhi shi@f中共盐城市委宣传部编著@FZhong Gong Yan Cheng Shi Wei Xuan Chuan Bu Bian Zhu |
| 210 | @a北京@c农村读物出版社@d1984 | |
| 215 | @a87页@d19cm | |
| 606 | @a辩证唯物主义@x思想方法 | |
| 606 | 0 | @a辩证唯物主义@x工作方法 |
| 690 | @aB026@v3 | |
| 711 | 02 | @a中共盐城市委宣传部@4编著 |
| 801 | 2 | @aCN@bNLC@c20060428 |
| 801 | 0 | @aCN@b上海图书馆@c20040508 |
| 905 | @dB026@e28 | |
| 思想政治工作基础知识/中共盐城市委宣传部编著.-北京:农村读物出版社,1984 |
| 87页;19cm |
| ISBN :CNY0.30 |
| ● |
| 相关链接 |
|
|
|
|
正题名:思想政治工作基础知识
索取号:B026/28
 
预约/预借
| 序号 | 登录号 | 条形码 | 馆藏地/架位号 | 状态 | 备注 |
| 1 | 0130444 | 001114608 | 密集书库/ [索取号:B026/28] | 在馆 | |
| 2 | 0130445 | 202299315 | 密集书库/ [索取号:B026/28] | 在馆 | |
| 3 | 0130446 | 001114591 | 第一样本阅览室/ [索取号:B026/28] | 在馆 |